000 00613nam a2200205 a 4500
005 20240807063750.0
008 020130s1999 ag r 000 0 spa d
020 _a9507249044
035 _aUPN01000115247
049 _aCG
050 4 _aQA447
_bP3.4
100 1 _aPalacios, Alfredo Raúl
_931600
245 1 0 _aGeo-Home-Trio & geometría :
_bmatemática y filosofía /
_cAlfredo Raúl Palacios, Alberto Gustavo Palacios.
260 _aBuenos Aires :
_bLumen
_c1999.
300 _a141 p.
440 0 _aStrómata
650 4 _aGeometría
_95328
700 1 _aPalacios, Alberto Gustavo,
_ecoaut.
905 _aLibro
999 _c88780
_d88780